LAM tiene memoria. Testimonio Liceo Abate Molina

Đã lưu trong:
Chi tiết về thư mục
Tác giả chính: Rosales Barrientos, Antonia Elena (compiladora)
Tác giả khác: Contador Rojas, Domínica Antonia (compiladora), González Díaz, Isadora Belén (compiladora), Pérez Rojas, María José (compiladora), Jara Chamorro, María del Carmen (compiladora)
Định dạng: Sách
Được phát hành: Talca, Chile: Helena Ediciones, 2020.
Phiên bản:Primera edición
Loạt:Colección Testimonial
Những chủ đề:
Các nhãn: Thêm thẻ
Không có thẻ, Là người đầu tiên thẻ bản ghi này!

MARC

LEADER 00000nam a22000007a 4500
003 CL-VaPUC
005 20240115120246.0
008 231218t2020 ||||| |||| 00| 0 eng d
999 |c 442740  |d 442738 
020 |a 978-956-9840-18-0 
040 |c Pontificia Universidad Católica de Valparaíso 
082 0 4 |2 21  |a 373.83 ROS 2020 
100 1 |a Rosales Barrientos, Antonia Elena  |e compiladora  |9 886581 
245 1 0 |a LAM tiene memoria.  |b Testimonio Liceo Abate Molina 
250 |a Primera edición 
260 |a Talca, Chile:  |b Helena Ediciones,  |c 2020. 
300 |a 145 páginas. 
490 0 |a Colección Testimonial 
500 |a c.1. Donación Antonia Rosales Barrientos. Memo HIS/032 2023. 
583 |c 20231218  |k Catalogador Asistente 
610 |a Liceo Abate Molina  |z Talca  |9 886800 
650 1 |a Liceos  |x Memoria histórica  |y 1973-1990  |9 886801 
650 1 |a Establecimientos educacionales  |x Historia de Chile  |y 1973-1990  |9 886802 
650 1 |a Derechos humanos  |x Jóvenes secundarios  |z Chile  |9 886803 
650 1 |a Dictadura militar  |z Chile  |y 1973-1990  |9 877133 
650 1 |a Estudiantes secundarios  |z Chile  |y 1973-1990  |9 886804 
700 |a Contador Rojas, Domínica Antonia  |e compiladora  |9 886582 
700 |a González Díaz, Isadora Belén  |e compiladora  |9 886583 
700 |a Pérez Rojas, María José  |e compiladora  |9 886584 
700 |a Jara Chamorro, María del Carmen  |e compiladora  |9 886585 
942 |2 ddc  |c BK 
952 |0 0  |1 0  |2 ddc  |4 0  |6 373_830000000000000_ROS_2020  |7 0  |8 A  |9 592866  |a BIBHIS  |b BIBHIS  |c GEN  |d 2023-12-18  |e Donación  |i 5659828  |o 373.83 ROS 2020  |p 5659828  |r 2025-01-20  |t 1  |w 2023-12-18  |y BK  |k HIS